Poistenie kritických ochorení ako moderný produkt životného poistenia

Enregistré dans:
Détails bibliographiques
Auteur principal: Škrovánková, Petra, 1981-
Format: Chapitre de livre
Langue:slovaque
Tags: Ajouter un tag
Pas de tags, Soyez le premier à ajouter un tag!

MARC

LEADER 00000nla a2200000 4500
001 0175461
005 20240502073007.8
041 0 |a slo 
044 |a SK 
245 1 0 |a Poistenie kritických ochorení ako moderný produkt životného poistenia  |c Petra Škrovánková 
500 |a Abstrakt 
100 1 |a Škrovánková, Petra, 1981-